#1 MLB Baseball Draft Picks - Statistics

General Stats
  • This quiz has been taken 150 times
    57 since last reset
  • The average score is 17 of 61
Answer Stats
Year Draft Team Player % Correct
2023 Pirates Paul Skenes
89%
2022 Orioles Jackson Holliday
80%
2010 Nationals Bryce Harper
76%
2021 Pirates Henry Davis
73%
2019 Orioles Adley Rutschman
71%
2020 Tigers Spencer Torkelson
69%
2024 Guardians Travis Bazzana
62%
2012 Astros Carlos Correa
58%
2009 Nationals Stephen Strasburg
56%
2017 Twins Royce Lewis
53%
2018 Tigers Casey Mize
51%
2025 Nationals Eli Willits
51%
2011 Pirates Gerrit Cole
51%
1987 Mariners Ken Griffey Jr.
51%
2013 Astros Mark Appel
44%
2015 Diamondbacks Dansby Swanson
42%
1993 Mariners Alex Rodriguez
40%
2001 Twins Joe Mauer
40%
1990 Braves Chipper Jones
38%
2016 Phillies Mickey Moniak
36%
2007 Rays David Price
29%
2005 Diamondbacks Justin Upton
29%
2014 Astros Brady Aiken
24%
1980 Mets Darryl Strawberry
24%
2008 Rays Tim Beckham
24%
1999 Rays Josh Hamilton
22%
2003 Rays Delmon Young
20%
2000 Marlins Adrian Gonzalez
18%
2002 Pirates Bryan Bullington
18%
2006 Royals Luke Hochevar
18%
1965 Athletics Rick Monday
18%
1997 Tigers Matt Anderson
16%
2004 Padres Matt Bush
16%
1995 Angels Darin Erstad
13%
1998 Phillies Pat Burrell
13%
1982 Cubs Shawon Dunston
13%
1989 Orioles Ben McDonald
11%
1985 Brewers B.J. Surhoff
11%
1978 Braves Bob Horner
11%
1991 Yankees Brien Taylor
11%
1977 White Sox Harold Baines
11%
1994 Mets Paul Wilson
11%
1983 Twins Tim Belcher
11%
1979 Mariners Al Chambers
9%
1988 Padres Andy Benes
9%
1975 Angels Danny Goodwin
9%
1971 White Sox Danny Goodwin
9%
1972 Padres Dave Roberts
9%
1976 Astros Floyd Bannister
9%
1984 Mets Shawn Abner
9%
1966 Mets Steven Chilcott
9%
1973 Rangers David Clyde
7%
1986 Pirates Jeff King
7%
1996 Pirates Kris Benson
7%
1992 Astros Phil Nevin
7%
1967 Yankees Ron Blomberg
7%
1974 Padres Bill Almon
4%
1969 Senators Jeff Burroughs
4%
1970 Padres Mike Ivie
4%
1981 Mariners Mike Moore
4%
1968 Mets Tim Foli
4%
No matching quizzes found
Score Distribution
Percent of People with Each Score
Percentile by Number Answered
Your Score History
You have not taken this quiz since the last reset